Jurnal perubatan Universiti Kebangsaan Malaysia

Bibliographic Details
Format: Book
Published: Bangi : Penerbit Universiti Kebangsaan Malaysia , [19--]-
Subjects:

MARC

LEADER 00000cam a2200000 7i4500
001 0000016607
005 20070912093000.0
008 021119n
022 0 |a 01271075 
090 0 0 |a R5   |b .J87 
245 0 0 |a Jurnal perubatan Universiti Kebangsaan Malaysia 
260 2 |a Bangi :   |b Penerbit Universiti Kebangsaan Malaysia ,   |c [19--]- 
650 0 |a Medicine   |v Periodicals 
999 |a 1000065728   |b Serials   |c Reference   |e Gong Badak Campus 
999 |a 1000066528   |b Serials   |c Reference   |e Gong Badak Campus 
999 |a 1000066529   |b Serials   |c Reference   |e Gong Badak Campus